Sports Quiz

Random Sports or NFL Quiz

Washington Redskins Quarterbacks Quiz Stats

 Plays Quiz not verified by Sporcle

Score 0/56 Timer 12:00
0 Plays Today
Years as a Redskin Name % Correct
2012-?Kirk Cousins
95.2%
2012-2015Robert Griffin
90.5%
2006-2009Jason Campbell
86%
85.7%
1986-1989Doug Williams
85%
1974-1985Joe Theismann
84%
2010Donovan McNab
81%
1988-1993Mark Rypien
78%
1964-1974Sonny Jurgensen
77%
2004-2007Mark Brunell
73%
2014-?Colt McCoy
71.4%
1985-1987Jay Schroeder
66%
1999-2000Brad Johnson
66%
1994-1995Heath Shuler
65%
2002-2005Patrick Ramsey
65%
1975Randy Johnson
64%
2003Rob Johnson
64%
1971-1978Billy Kilmer
63%
1994-1998Gus Frerotte
60%
2010-2013Rex Grossman
57.1%
2000-2001Jeff George
57%
2007-2009Todd Collins
55%
2002Danny Wuerffel
54%
2002Shane Matthews
46%
1997-1998Trent Green
43%
2003Tim Hasselbeck
41%
2011John Beck
38.1%
2001Tony Banks
37%
Years as a Redskin Name % Correct
1993Rich Gannon
34%
1961-1963Norm Snead
29%
1997Jeff Hostetler
26%
1989-1990Stan Humphries
25%
1994John Friesz
24%
1990-1991Jeff Rutledge
19%
1999Rodney Peete
19%
1992-1993Gary Conklin
15%
2001Kent Graham
15%
1983Jim Hart
9%
1968Gary Beban
8%
1987Ed Rubbert
8%
1987Tony Robinson
8%
1969-1970Frank Ryan
7%
1983Bob Holly
7%
2000Todd Husak
7%
1964-1996Dick Shiner
6%
1980Mike Kruczek
6%
1981Tom Flick
6%
1955-1960Raloh Guglielmi
5%
1962-1963Galen Hall
4%
1988David Archer
4%
1959-1960Eagle Day
2%
1960M.C. Reynolds
2%
1961-1964George Izo
2%
1968Harry Theofilides
2%
1967-1968Jim Ninowksi
1%
1979Kim McQuilken
1%

You're not logged in!

Compare scores with friends on all Sporcle quizzes.
OR
Log In

Show Comments

Extras

Top Quizzes Today


Score Distribution

Your Account Isn't Verified!

In order to create a playlist on Sporcle, you need to verify the email address you used during registration. Go to your Sporcle Settings to finish the process.

Report this User

Report this user for behavior that violates our Community Guidelines.

Details: